Statistics for Tallest Countries North to South

Click here to take the quiz!

General Stats

  • This quiz has been taken 43,344 times
  • The average score is 15 of 20

Answer Stats

Span Country % Correct
4,065 kmRussia
98%
2,695 kmUnited States
98%
3,335 kmCanada
97%
4,042 kmChile
96%
3,700 kmChina
95%
4,331 kmBrazil
94%
3,398 kmArgentina
93%
3,159 kmAustralia
92%
2,796 kmIndia
91%
2,019 kmMexico
89%
2,086 kmD. R. Congo
74%
1,983 kmAlgeria
69%
1,749 kmSaudi Arabia
68%
2,043 kmPeru
67%
1,651 kmThailand
56%
1,778 kmChad
55%
1,858 kmColombia
51%
1,679 kmMorocco
47%
1,811 kmMozambique
42%
2,062 kmMyanmar
40%

Score Distribution

Percentile by Number Answered

Percent of People with Each Score

Your Score History

You have not taken this quiz